LIBRARY & INFORMATION CENTRE, KCAET, TAVANUR

ONLINE PUBLIC ACCESS CATALOGUE (OPAC)

Mastering Page Maker for Windows 95 (Record no. 19407)

MARC details
000 -LEADER
fixed length control field 00385nam a22001577a 4500
003 - CONTROL NUMBER IDENTIFIER
control field OSt
008 - FIXED-LENGTH DATA ELEMENTS--GENERAL INFORMATION
fixed length control field 250219b |||||||| |||| 00| 0 eng d
041 ## - LANGUAGE CODE
Language code of text/sound track or separate title eng
082 ## - DEWEY DECIMAL CLASSIFICATION NUMBER
Classification number 005.369
100 ## - MAIN ENTRY--AUTHOR NAME
Personal name Rebecca Bridges
245 ## - TITLE STATEMENT
Title Mastering Page Maker for Windows 95
250 ## - EDITION STATEMENT
Edition statement 2nd
260 ## - PUBLICATION, DISTRIBUTION, ETC. (IMPRINT)
Place of publication New Delhi:
Name of publisher BPB Publications,
Year of publication 1996.
700 ## - ADDED ENTRY--PERSONAL NAME
Personal name Rick Altmam
942 ## - ADDED ENTRY ELEMENTS (KOHA)
Koha item type Books
Holdings
Withdrawn status Lost status Damaged status Home library Current library Date acquired Source of acquisition Cost, normal purchase price Full call number Accession Number Koha item type
      KAUAET KAUAET 19/02/2025 Punima Book Distributors, Bangalore 399.00 005.369 20131 Books
free website counter